000 00668nam a22002297a 4500
003 UA-OsUOA
001 78863
007 ta
008 20111024b un ||||| |||| 00| 0 ukr d
090 _a94(477-25):2
_bС25
942 _cBK
040 _aUA-OsUOA
_bukr
_cUA-OsUOA
_dUA-OsUOA
245 _aСвятий Київ
_bфотоальбом
_cупоряд. Н.Д.Прибєги за уч. С.К.Горкавого
300 _a240 с.
955 _a4
041 _aukr
080 _a94(477-25):2
020 _a966-577-026-8
260 _aК.
_bМистецтво
_c2001
650 7 _a9 Географія. Біографії. Історія
_2UDC
999 _c365182
_d365182